La noche próxima : (Registro nro. 60277)
[ vista simple ]
| 000 -CABECERA | |
|---|---|
| Longitud fija campo de control | 01419nam a2200373 i 4500 |
| 003 - • IDENTIFICADOR DELl NÚMERO DE CONTROL | |
| Identificador del número de control | CO-BoRNBP |
| 005 - • FECHA Y HORA DE LA ÚLTIMA TRANSACCIÓN | |
| Fecha y hora de la última transacción | 20260120155418.0 |
| 007 - • CAMPO FIJO DE DESCRIPCIÓN FÍSICA | |
| Campo fijo de descripción física | ta |
| 008 - • CÓDIGOS DE INFORMACIÓN DE LONGITUD FIJA | |
| Códigos de información de longitud fija | 250217s2025 ck gr 000 jdspa |
| 020 ## - • NÚMERO INTERNACIONAL NORMALIZADO PARA LIBROS | |
| Número Internacional Normalizado para Libros (ISBN) | 9789587534245 |
| Información calificativa | (obra completa) |
| 020 ## - • NÚMERO INTERNACIONAL NORMALIZADO PARA LIBROS | |
| Número Internacional Normalizado para Libros (ISBN) | 9789587536553 |
| 040 ## - FUENTE DE LA CATALOGACIÓN | |
| Centro catalogador de origen | CO-BoRNBP |
| Lengua de catalogación | spa |
| Normas de descripción | rda |
| Centro transcriptor | CO-BoRNBP |
| 041 0# - • CÓDIGO DE LENGUA | |
| Código de lengua del texto/banda sonora o título independiente | spa |
| 043 ## - CÓDIGO DE ÁREA GEOGRÁFICA | |
| Código de área geográfica | s-ck--- |
| 084 ## - • Clasificación Local Alfanúmerica PNLB | |
| Número de clasificación | C |
| 245 13 - • TITULO PROPIAMENTE DICHO | |
| Título | La noche próxima : |
| Resto del título | antología de cuento / |
| Mención de responsabilidad, etc. | Josefa Acevedo de Gómez [y otras diecisiete] ; prólogo de Claudia Arroyave. |
| 250 ## - • MENCIÓN DE EDICIÓN | |
| Mención de edición | Primera edición |
| 264 #1 - PRODUCCIÓN, PUBLICACIÓN , DISTRIBUCIÓN, FABRICACIÓN Y COPYRIGHT | |
| Lugar de producción, publicación, distribución, fabricación | Bogotá, Colombia : |
| Nombre del productor, editor, distribuidor, fabricante | Ministerio de las Culturas, las Artes y los Saberes : |
| -- | Biblioteca Nacional de Colombia, |
| Fecha de de producción, publicación, distribución, fabricación o copyright | 2025. |
| 300 ## - • DESCRIPCIÓN FÍSICA | |
| Extensión | 276 páginas ; |
| Dimensiones | 21 cm. |
| 336 ## - TIPO DE CONTENIDO | |
| Término de tipo de contenido | texto |
| Código de tipo de contenido | txt |
| Fuente | rdacontenido |
| 337 ## - TIPO DE MEDIO | |
| Nombre del tipo de medio | sin mediación |
| Código del tipo de medio | n |
| Fuente | rdamedio |
| 338 ## - TIPO DE SOPORTE | |
| Nombre del tipo de soporte | volumen |
| Código del tipo de soporte | nc |
| Fuente | rdasoporte |
| 500 ## - • NOTA GENERAL | |
| Nota general | Incluye datos biográficos de las autoras |
| 505 0# - • NOTA DE CONTENIDO CON FORMATO | |
| Nota de contenido con formato | El tribuno del pueblo. |
| 650 17 - • PUNTO DE ACCESO ADICIONAL DE MATERIA - TÉRMINO DE MATERIA | |
| Término de materia o nombre geográfico como elemento inicial | Cuentos colombianos |
| Subdivisión cronológica | Siglos XIX-XX |
| Subdivisión de forma | Colecciones |
| Fuente del encabezamiento o término | rnbp |
| 650 17 - • PUNTO DE ACCESO ADICIONAL DE MATERIA - TÉRMINO DE MATERIA | |
| Término de materia o nombre geográfico como elemento inicial | Literatura colombiana |
| Subdivisión cronológica | Siglos XIX-XX |
| Subdivisión de forma | Colecciones |
| Fuente del encabezamiento o término | rnbp |
| 700 10 - • PUNTO DE ACCESO ADICIONAL - NOMBRE DE PERSONA | |
| Nombre de persona | Arroyave, Claudia, |
| Fechas asociadas al nombre | 1983- , |
| Término indicativo de función | wfw |
| 700 17 - • PUNTO DE ACCESO ADICIONAL - NOMBRE DE PERSONA | |
| Nombre de persona | Acosta de Samper, Soledad, |
| Fechas asociadas al nombre | 1833-1913 |
| Término indicativo de función | aut |
| 700 10 - • PUNTO DE ACCESO ADICIONAL - NOMBRE DE PERSONA | |
| Nombre de persona | Pardo Umaña, Emilia, |
| Fechas asociadas al nombre | 1907-1961 |
| Término indicativo de función | aut |
| 700 1# - • PUNTO DE ACCESO ADICIONAL - NOMBRE DE PERSONA | |
| Nombre de persona | Robinson Abrahams, Hazel, |
| Fechas asociadas al nombre | 1935- , |
| Término indicativo de función | aut |
| 830 ## - • PUNTO DE ACCESO ADICIONAL DE SERIE - TÍTULO UNIFORME | |
| Título uniforme | Mujeres escritoras colombianas |
| 942 ## - ENTRADA DE ELEMENTOS AGREGADOS (KOHA) | |
| Koha [por defecto] tipo de item | LIbro |
| Suppress in OPAC | 0 |
| Fuente de clasificaión o esquema | Dewey Decimal Classification |
| Perdido | Fuente de clasificación o esquema | Estado Físico | No para préstamo | Forma de adquisición | Localización permanente | Localización actual | Fecha adquisición | Préstamos totales | Signatura completa | Código de barras | Fecha última consulta | Número de copia | Fecha del precio de reemplazo | Tipo de item de Koha | Localización en estanterías |
|---|---|---|---|---|---|---|---|---|---|---|---|---|---|---|---|
| Dewey Decimal Classification | Ref Biblioteca de Escritoras Colombianas | Biblioteca Pública San Carlos de Guaroa - Eduardo Carranza | Biblioteca Pública San Carlos de Guaroa - Eduardo Carranza | 01/22/2026 | 860.809.861 | SG03855 | 01/22/2026 | Ej.1 | 01/22/2026 | LIbro | Literatura | ||||
| Dewey Decimal Classification | Ref Biblioteca de Escritoras Colombianas | Biblioteca Pública Mapiripan | Biblioteca Pública Mapiripan | 01/20/2026 | C | MAP00004658 | 01/20/2026 | Ej.1 | 01/20/2026 | LIbro |